Assassin's creed - choose the assassin - Statistics

General Stats
  • This quiz has been taken 53 times
  • The average score is 11 of 20
Answer Stats
Question Answer % Correct
Al Mualim Altaïr Ibn-La'Ahad
100%
Vieri De Pazzi Ezio Auditore
92%
Charles Lee Connor Kenway
84%
Uberto Alberti Ezio Auditore
76%
Haytham Kenway Connor Kenway
75%
Laureano Torres Edward Kenway
69%
Duncan Walpole Edward Kenway
61%
Girolamo Savonarola Ezio Auditore
59%
Bartholomew Roberts Edward Kenway
53%
Thomas Hickey Connor Kenway
51%
Benjamin Hornigold Edward Kenway
51%
Sibrand Altaïr Ibn-La'Ahad
49%
Robert de Sablé Altaïr Ibn-La'Ahad
45%
Woods Rogers Edward Kenway
37%
Tarik Barleti Ezio Auditore
33%
Octavian de Valois Ezio Auditore
29%
William of Montferrat Altaïr Ibn-La'Ahad
27%
Edward Braddock All wrong
25%
Cesare Borgia The hands of fate
20%
Bartolomeo D'Alviano All wrong
16%
No matching quizzes found
Score Distribution
Percent of People with Each Score
Percentile by Number Answered
Your Score History
You have not taken this quiz